Animals in Space - Sudden Death - Statistics

General Stats
  • This quiz has been taken 70 times
  • The average score is 14 of 20
Answers on the Grid
Answers color-coded by a green-red scale on the quiz's grid according to % correct below.
Aardvark
Cat
Chicken
Chimpanzee
Cockroach
Dog
Dolphin
Fruit Fly
Gecko
Human
Jaguar
Jellyfish
Monkey
Mouse
Newt
Orca
Oyster
Platypus
Silverback Gorilla
Snail
Spider
Springbok
Squid
Taipan
Tardigrade
Tiger
Tortoise
Urchin
Wasp
Wolf
 
Answer Stats
Answer % Correct
Dog
97%
Cat
92%
Mouse
90%
Human
89%
Monkey
85%
Spider
85%
Fruit Fly
84%
Chimpanzee
82%
Snail
75%
Chicken
74%
Cockroach
74%
Tortoise
67%
Gecko
64%
Tardigrade
62%
Wasp
62%
Newt
59%
Oyster
54%
Urchin
48%
Jellyfish
38%
Squid
28%
No matching quizzes found
Score Distribution
Percent of People with Each Score
Percentile by Number Answered
Your Score History
You have not taken this quiz